Estadísticas para Países Creadas con Solamente 4 Letras

Haz click aquí para intentar la prueba.

Estadísticas generales

  • Esta prueba ha sido intentada 1.909 veces
  • La puntuación promedio es 16 de 22

Estadísticas de respuestas

LetraPaís% Correcto
A B C UCuba
95%
K O S VKosovo
89%
A B I LLibia
85%
E P R UPerú
84%
A H I THaití
83%
A C D HChad
79%
A G H NGhana
78%
A I R SSiria
77%
B E I NBenín
76%
A L O SLaos
76%
A M N PPanamá
76%
E M N YYemen
76%
A I L MMalí
74%
A M N OOmán
70%
A M O SSamoa
70%
A I K RIrak
69%
A I N RIrán
68%
A C D NCanadá
67%
A L M TMalta
67%
A D I NIndia
61%
A N R UNauru
56%
A C R TCatar
42%

Distribución de puntuación

Porcentaje por número respondido

Porcentaje de gente con cada puntuación

Historial de tus puntuaciones

No has intentado esta prueba.